Globalization growth and poverty : Building and inclusive world economy

Gardado en:
Detalles Bibliográficos
Autor Corporativo: The World Bank
Formato: Libro
Idioma:Undetermined
Publicado: Washington, D. C. The World Bank 2002
Những chủ đề:
Các nhãn: Engadir etiqueta
Sen Etiquetas, Sexa o primeiro en etiquetar este rexistro!
Thư viện lưu trữ: Trung tâm Học liệu Trường Đại học Cần Thơ
LEADER 00569nam a2200205Ia 4500
001 CTU_61652
008 210402s9999 xx 000 0 und d
082 |a 338.91 
082 |b W927g 
110 |a The World Bank 
245 0 |a Globalization growth and poverty : 
245 0 |b Building and inclusive world economy 
245 4 |c The World Bank 
260 |a Washington, D. C. 
260 |b The World Bank 
260 |c 2002 
650 |a Poverty 
650 |x Developing countries 
904 |i Minh,Hải 
980 |a Trung tâm Học liệu Trường Đại học Cần Thơ